000 00535nam a2200181Ia 4500
008 090124s9999 xx 000 0 und d
082 _b13242
_a1602
100 _aपाटणकर पां.तु.
245 _a मीच तो बादशाह
250 _a1
260 _c1963
300 _a53
600 _aपाटणकर पां.तु.
630 _a मीच तो बादशाह
700 _aपाटणकर पां.तु.
730 _a मीच तो बादशाह
942 _cBOOK
999 _c127181
_d127181